<?xml version="1.0" encoding="UTF-8"?><?xml-stylesheet type="text/xsl" href="static/style.xsl"?><OAI-PMH xmlns="http://www.openarchives.org/OAI/2.0/" xmlns:xsi="http://www.w3.org/2001/XMLSchema-instance" xsi:schemaLocation="http://www.openarchives.org/OAI/2.0/ http://www.openarchives.org/OAI/2.0/OAI-PMH.xsd"><responseDate>2026-04-14T09:38:06Z</responseDate><request verb="GetRecord" identifier="oai:www.recercat.cat:2072/408282" metadataPrefix="marc">https://recercat.cat/oai/request</request><GetRecord><record><header><identifier>oai:recercat.cat:2072/408282</identifier><datestamp>2026-04-08T03:09:26Z</datestamp><setSpec>com_2072_98</setSpec><setSpec>col_2072_378192</setSpec></header><metadata><record xmlns="http://www.loc.gov/MARC21/slim" xmlns:dcterms="http://purl.org/dc/terms/" xmlns:xsi="http://www.w3.org/2001/XMLSchema-instance" xmlns:doc="http://www.lyncode.com/xoai" xsi:schemaLocation="http://www.loc.gov/MARC21/slim http://www.loc.gov/standards/marcxml/schema/MARC21slim.xsd">
   <leader>00925njm 22002777a 4500</leader>
   <datafield ind2=" " ind1=" " tag="042">
      <subfield code="a">dc</subfield>
   </datafield>
   <datafield ind2=" " ind1=" " tag="720">
      <subfield code="a">Martínez Cuero, Julieta</subfield>
      <subfield code="e">author</subfield>
   </datafield>
   <datafield ind2=" " ind1=" " tag="260">
      <subfield code="c">2015</subfield>
   </datafield>
   <datafield ind2=" " ind1=" " tag="520">
      <subfield code="a">El objetivo de este artículo es recuperar una cuestión aparentemente culminada en la década de los años setenta, los estudios del campesinado mexicano desde el enfoque estructural marxista. El análisis de la cuestión agraria no es la novedad de la investigación, tampoco el establecer la coexistencia de distintos modos de producción, sino mostrar los nuevos escenarios en los que diferentes lógicas económicas se articulan y se transforman; considerando la actual reconfiguración del espacio rural en una comunidad indígena y campesina de Los Altos de Chiapas, México. Se trata de un análisis cuantitativo y cualitativo en el que se establece una agenda común metodológica conformada por dos campos intercalados constantemente: teórico y empírico.</subfield>
   </datafield>
   <datafield ind2=" " ind1=" " tag="520">
      <subfield code="a">The following article seeks to revive a topic that seemed to have been concluded in the 70's, the study of the Mexican peasants from a Marxist-Structural perspective. The analysis of the agrarian issue, nonetheless, is not a novelty in this research, and neither it is the establishment of coexisting modes of production. This research seeks to show emergent sceneries in which different economic mechanisms are articulated and transformed, considering the current reconfiguration of rural spaces in a peasant community of Los Altos de Chiapas, in Mexico. It is a quantitative and qualitative analysis in which a common methodology is used by mixing two fields: the theoretical and the empirical.</subfield>
   </datafield>
   <datafield tag="653" ind2=" " ind1=" ">
      <subfield code="a">Modo de producción</subfield>
   </datafield>
   <datafield tag="653" ind2=" " ind1=" ">
      <subfield code="a">Campesinos</subfield>
   </datafield>
   <datafield tag="653" ind2=" " ind1=" ">
      <subfield code="a">Indígenas</subfield>
   </datafield>
   <datafield tag="653" ind2=" " ind1=" ">
      <subfield code="a">Capitalismo</subfield>
   </datafield>
   <datafield tag="653" ind2=" " ind1=" ">
      <subfield code="a">México</subfield>
   </datafield>
   <datafield tag="653" ind2=" " ind1=" ">
      <subfield code="a">Modes of production</subfield>
   </datafield>
   <datafield tag="653" ind2=" " ind1=" ">
      <subfield code="a">Peasants</subfield>
   </datafield>
   <datafield tag="653" ind2=" " ind1=" ">
      <subfield code="a">Indigenous people</subfield>
   </datafield>
   <datafield tag="653" ind2=" " ind1=" ">
      <subfield code="a">Capitalism</subfield>
   </datafield>
   <datafield ind2="0" ind1="0" tag="245">
      <subfield code="a">Indígenas, campesinos y capitalismo : una radiografía de San Juan Chamula, Chiapas</subfield>
   </datafield>
</record></metadata></record></GetRecord></OAI-PMH>